000 00632nam a2200193Ia 4500
005 20250508170131.0
008 008 250505s9999 xx 000 0 eng d
037 _aTheses
040 _aFEDL
_beng
_cFEDL
041 _aeng
_2eng
084 _a370.19, VIJ/TH
_qFEDL
100 _aVijitha Rajan
_9783163
245 0 _aInterlacing constructs of migration, childhood and education: An ethnographic inquiry into everyday lives of migrant children
260 _c2020
300 _axviii, 342p.
546 _aPh.D Thesis (Delhi University); C D Included
942 _cTH
_h370.19, VIJ/TH
999 _c1399385
_d1399385